Discrete mathematical structures with to computer science (Record no. 131960)

000 -LEADER
fixed length control field 00400nam a2200133Ia 4500
008 - FIXED-LENGTH DATA ELEMENTS--GENERAL INFORMATION
fixed length control field 220120s9999||||xx |||||||||||||| ||und||
020 ## - INTERNATIONAL STANDARD BOOK NUMBER
International Standard Book Number 81-203-0752-6
082 ## - DEWEY DECIMAL CLASSIFICATION NUMBER
Classification number 511.6 RUD
100 ## - MAIN ENTRY--PERSONAL NAME
Personal name Rudraiah, N Shivakumar, B.S Rohini, G
245 #0 - TITLE STATEMENT
Title Discrete mathematical structures with to computer science
260 ## - PUBLICATION, DISTRIBUTION, ETC.
Name of publisher, distributor, etc. Belgaum
Date of publication, distribution, etc. 2000
300 ## - PHYSICAL DESCRIPTION
Extent X, 222p.
Other physical details 95
650 ## - SUBJECT ADDED ENTRY--TOPICAL TERM
Topical term or geographic name entry element INSTRUMENT AND MEASURMENTATION
Holdings
Withdrawn status Lost status Source of classification or shelving scheme Damaged status Not for loan Collection code Home library Current library Shelving location Date acquired Barcode Date last seen Price effective from Koha item type
          Humanity Science Central Library Central Library Book Cart 01/20/2022 SC17 10/17/2022 01/20/2022 Scheduled Caste Book Bank

Powered by Koha